Figure out the song - Taylor Swift #1 - Statistics

General Stats
  • This quiz has been taken 14,780 times
  • The average score is 309 of 462
Answer Stats
Answer % Correct
I
98%
i
98%
a
96%
you
95%
the
91%
me
89%
we
88%
to
84%
and
83%
it
82%
your
81%
be
80%
do
80%
in
80%
my
79%
no
78%
was
78%
so
77%
like
76%
on
76%
when
76%
all
74%
too
74%
there
73%
we're
73%
were
73%
are
72%
well
71%
with
71%
at
70%
of
70%
but
69%
that
69%
remember
67%
can
66%
i'm
66%
know
66%
up
66%
walk
66%
got
65%
house
65%
now
65%
scarf
65%
for
64%
left
64%
home
63%
not
63%
still
63%
about
62%
again
62%
'cause
62%
cold
62%
door
62%
get
62%
it's
62%
sister's
62%
air
61%
here
61%
walked
61%
car
60%
even
60%
felt
60%
night
60%
red
60%
something
60%
through
60%
why
60%
lost
59%
this
58%
down
57%
drawer
57%
somehow
57%
you've
57%
long
56%
oh
56%
thing
55%
could
54%
just
54%
little
54%
piece
54%
gone
53%
light
53%
middle
53%
dancing
52%
lookin'
52%
over
52%
street
52%
sweet
52%
getting
51%
more
51%
after
50%
call
50%
hair
50%
town
50%
break
49%
days
49%
ever
49%
gaze
49%
kitchen
49%
promise
49%
almost
48%
cruel
48%
disposition
48%
name
48%
picture
48%
wind
48%
back
47%
being
47%
'bout
47%
by
47%
fine
47%
future
47%
nothing
47%
place
47%
these
47%
bed
46%
casually
46%
honest
46%
kid
46%
okay
46%
one
46%
ran
46%
singing
46%
stairs
46%
upstate
46%
falling
45%
leaves
45%
might
45%
much
45%
paper
45%
past
45%
team
45%
telling
45%
thinking
45%
time
45%
can't
44%
glasses
44%
into
44%
loved
44%
magic's
44%
maybe
44%
refrigerator
44%
used
44%
autumn
43%
else
43%
forget
43%
lying
43%
old
43%
'round
43%
stories
43%
turning
43%
wide-eyed
43%
asked
42%
cheeks
42%
enough
42%
masterpiece
42%
mother's
42%
needed
42%
pieces
42%
translation
42%
first
41%
from
41%
told
41%
twin-sized
40%
album
39%
counter
39%
photo
39%
'til
39%
tore
39%
find
37%
i'd
37%
keep
37%
made
37%
rare
37%
real
37%
self
37%
very
37%
smells
36%
tee-ball
36%
alone
35%
before
35%
own
35%
reminds
35%
scared
35%
trying
35%
innocence
34%
rid
34%
running
34%
week
34%
won't
34%
crumpled
33%
known
33%
things
32%
fly
31%
mail
29%
yeah
29%
nights
28%
shirt
27%
paralyzed
26%
plaid
25%
No matching quizzes found
Score Distribution
Percent of People with Each Score
Percentile by Number Answered
Your Score History
You have not taken this quiz